| 000 | 02095cam a2200457 4500 | ||
|---|---|---|---|
| 003 | PE-LiUPU | ||
| 005 | 20250731184600.0 | ||
| 020 | _a8431307161 | ||
| 035 | _a(Sirsi) i9788431307165 | ||
| 035 | _a(Sirsi) 15242 | ||
| 035 | _a(Sirsi) 15242 | ||
| 041 | _aes | ||
| 044 | _aes | ||
| 082 | 0 | 4 |
_a909 _bE95 7 |
| 100 | 1 | _aVázquez de Prada, Valentín | |
| 245 |
_aRenacimiento, reforma, expansión europea _n7 _n7. |
||
| 264 | 1 |
_aPamplona : _bEUNSA, _c1981 |
|
| 300 |
_a603 páginas : _bilustraciones fotos, retratos ; _c25 cm. |
||
| 490 | 0 | _aHistoria Universal | |
| 504 | _aIncluye bibliografía | ||
| 505 | 0 | _aRenacimiento y humanismo: -- El marco social y económico de la época -- Renacimiento y humanismo: ideales y valores humanos -- El humanismo en Italia -- El humanismo en el resto de Europa -- Humanismo y religión -- Desarrollo de las lenguas nacionales. La creación literaria -- El florecimiento artístico. La reforma: -- Los deseos de reforma de la iglesia -- Lutero y el luteranismo -- La expansión del luteranismo en el imperio y otros países -- La reforma en Inglaterra -- La reforma en Suiza y Alsacia. Los sacramentarios -- La reforma en Ginebra. El calvinismo -- La reforma católica. Los estados europeos y la política internacional: -- Nacimiento del estado moderno -- Estados de la península Ibérica. Los descubrimientos geográficos. El mundo extraeuropeo. -- Y otros. | |
| 526 | _aP136 | ||
| 526 | _aP135 | ||
| 526 | _aP134 | ||
| 526 | _aP133 | ||
| 526 | _aP144 | ||
| 526 | _aP143 | ||
| 526 | _aP87 | ||
| 526 | _aP35 | ||
| 526 | _aP20 | ||
| 526 | _aP14 | ||
| 526 | _aP10 | ||
| 526 | _aP06 | ||
| 650 | _jRENACIMIENTO | ||
| 942 |
_2ddc _cBOOK |
||
| 949 |
_a909 E95 7 _i22250 _lCCODEBUL1 _mBUL _tLIBRO _o.STAFF. Circulación |
||
| 859 |
_q22250 _h909 _iE95 7 |
||
| 910 | _aaj-em | ||
| 596 | _a1 | ||
| 999 |
_a909 E95 7 _wDEWEY _c54108 _i22250 _d54108 _e2019-8-29 _f2021-11-8 _g5 _lCCODEBUL1 _mBUL _n2 _q1 _r0 _sY _tBOOK _u2015-6-16 _xBIBLIOTECA _PP20 _0COMPRA _o.STAFF. Colección General |
||
| 980 |
_81 _gALBERTO SANCHEZ Responsable de Automatización |
||